000 00812nam a2200229Ia 4500
001 a1176-26122 [5141]
003 IT-MiCISF
005 20230327150758.0
008 161014s9999||||xx |||||||||||||| ||und||
040 _aIT-MiCISF
_cIT-MiCISF
041 _ait
100 _aBoffi Pietro (a cura di)
_959835
245 0 _aCittadinanza alla famiglia in Italia.
_bL'associazionismo familiare si organizza
260 _a Roma,
_bCittà Nuova,
_c1995
300 _app. 216
500 _afamiglia, diritti-famiglia, politica-familiare, cultura, associazionismo, previdenze-per-famiglia
650 _apolitica-familiare
_959836
654 _asaggio
700 _aAnfossi G., Campanini G., Campiglio L., Collicelli C., Donati P., Santolini L., Soave P., Tettamanzi D.
_959837
942 _cBK
_2ddc
999 _c218087
_d218087
999 _bsi